| 000 | 00554nam a2200157 i 4500 | ||
|---|---|---|---|
| 001 | 84811 | ||
| 003 | ES-MaACL | ||
| 007 | t| | ||
| 008 | 041124s1982 sp ||||1| spa d | ||
| 111 | 2 |
_aJornadas sobre Administración Autonómica ( _n1ª. _d1982. _cZaragoza) _9857 |
|
| 245 | 1 | 0 |
_aI Jornadas sobre Administración Autonómica _b: 1982, Zaragoza. |
| 260 |
_a[Zaragoza] : _bDiputación General de Aragón, _c[1982] |
||
| 300 |
_a233 p. ; _c22 cm. |
||
| 740 | 2 | _aPrimeras Jornadas sobre Administración Autonómica. | |
| 852 |
_aES-MaACL _jL-3393 _bR.104554 |
||
| 999 |
_c84811 _d84811 |
||